000 00940cam a2200229 4500
001 ABS63760
008 000000n2001 000 0 eng u
035 _a(Sirsi) u111745
100 _aBingham, T.
245 4 _aThe profession rules, OK
260 _c2001
490 _aBuilding
_v266(8177) 23 March 2001, 50-51(2)
520 _a Welcomes the Office of Fair Trading's recent criticism of a number of professional bodies. Discusses, in particular, the private rules of the RIBA, which are coming under scrutiny. Questions whether these private rules exist to maintain standards, or keep competition out to the detriment of clients. Identifies a number of restrictive practices that need to be removed.
590 _aABS
650 _aOFT
650 _aRIBA
650 _aPROFESSIONAL BODIES
650 _aSTANDARDS
650 _aCOMPETITION
690 _aMANAGEMENT-BUSINESS MANAGEMENT-PROFESSIONAL PRACTICE
942 _n0
999 _c66579
_d66579